Profile: Katniss Everdeen Quiz Stats

Quiz Updated Nov 14, 2015

Challenge
Share
Tweet
Embed
Score 0/36 Timer 06:00
1 Play Today
Question Answer % Correct
District that is her homeDistrict 12
96.3%
First book she appears inThe Hunger Games
95.6%
Weapon of choiceBow and arrow
95.1%
Age at the start of the books16
93.9%
Industry of her home districtCoal mining
92.5%
Her hunting partnerGale Hawthorne
91.1%
Second book in the seriesCatching Fire
90.6%
Pin she wears in the arenaGold mockingjay
90.3%
Male district tributePeeta Mellark
90.1%
Hair colorBlack
90%
Female who was picked as the tributePrimrose Everdeen
89.1%
Katniss' favorite colorGreen
88.9%
Relation to KatnissLittle sister
88.8%
Score Katniss gets from the Gamemakers11
86.7%
Number of Hunger Games at the start74th
85.8%
Katniss' Hunger Games mentorHaymitch Abernathy
83.4%
Katniss' stylistCinna
82%
Name of country she lives inPanem
81.4%
Question Answer % Correct
How her father diedMine explosion
81.4%
District escort who announces the namesEffie Trinket
81%
His nickname for herCatnip
79.7%
Actress who plays KatnissJennifer Lawrence
78.1%
What Katniss is named afterEdible plant
77.8%
Her nickname during the Hunger Games'the girl on fire'
76.8%
Name of the event for picking tributesThe Reaping
76.1%
Author of the Book(s)Suzanne Collins
75.4%
Mother's JobHealer
73.5%
Eye colorGrey
66.6%
Girl who gave her the pinMadge Undersee
63.5%
Black market where she tradesThe Hob
59.9%
Her favorite food (in Capitol)Lamb stew with dried plums
53.6%
Number of times her name was entered20
53.4%
Member of Katniss' Prep TeamOctavia
51.5%
Member of Katniss' Prep TeamFlavius
40.5%
Member of Katniss' Prep TeamVenia
29.7%
BirthdayMay 8
20.6%

You're not logged in!

Compare scores with friends on all Sporcle quizzes.
Sign Up with Email
OR
Log In

You Might Also Like...

Show Comments

Extras

Top Quizzes Today


Score Distribution

Your Account Isn't Verified!

In order to create a playlist on Sporcle, you need to verify the email address you used during registration. Go to your Sporcle Settings to finish the process.